Introduction to Partial differential equations & boundary Value Problerms (Record no. 9477)

000 -LEADER
fixed length control field 00534nam a22001937a 4500
001 - CONTROL NUMBER
control field 9477
003 - CONTROL NUMBER IDENTIFIER
control field BD-DhUET
008 - FIXED-LENGTH DATA ELEMENTS--GENERAL INFORMATION
fixed length control field 150129b xxu||||| |||| 00| 0 eng d
040 ## - CATALOGING SOURCE
Transcribing agency DLC
Modifying agency BD-DhUET
082 ## - DEWEY DECIMAL CLASSIFICATION NUMBER
Classification number 517.383
Item number DEN/1968
100 ## - MAIN ENTRY--PERSONAL NAME
Personal name Dennemeyer, Rene
245 ## - TITLE STATEMENT
Title Introduction to Partial differential equations & boundary Value Problerms
250 ## - EDITION STATEMENT
Edition statement 1st ed.
260 ## - PUBLICATION, DISTRIBUTION, ETC. (IMPRINT)
Place of publication, distribution, etc. New York
Name of publisher, distributor, etc. McGraw-Hill
Date of publication, distribution, etc. 1968
300 ## - PHYSICAL DESCRIPTION
Extent viii, 376 p.
504 ## - BIBLIOGRAPHY, ETC. NOTE
Bibliography, etc Includes bibliographies
650 #0 - SUBJECT ADDED ENTRY--TOPICAL TERM
Topical term or geographic name as entry element Partial differential equations
942 ## - ADDED ENTRY ELEMENTS (KOHA)
Koha item type General Book
Holdings
Copy number Shelving location Withdrawn status Price effective from Koha normalized classification for sorting Location (home branch) Lost status Koha item type Not for loan Koha full call number Piece designation (barcode) Source of classification or shelving scheme Koha date last seen Sublocation or collection (holding branch) Date acquired Damaged status
1Circulation section 2015-01-29517_383000000000000_DEN_1968Central Library, BUET General Book 517.383/DEN/196815392 2015-01-29Central Library, BUET2015-01-29 
2Circulation section 2015-04-08517_383000000000000_DEN_1968Central Library, BUET General Book 517.383/DEN/196815393 2015-04-08Central Library, BUET2015-04-08